000 01183nam a2200265Ia 4500
001 16237
003 GE_BSU
008 181216s||||||||xx |||||||||||||| ||und||
020 _aISBN 978-9941-13-0182
040 _cGE_BSU
080 _a3+311
100 _aკისი, ჰაროლდ
245 _aსტატისტიკა სოციალურ მეცნიერებებში
245 _cსამეცნ.რედ:ნინო ჯავახიშვილი,ქეთევან მანჯგალაძე,ენობრივი რედ:ლია კაჭარავა,მთარგმნ.: თეონა ასლანიშვილი და სხვ
250 _aმე-3გამოცემა
260 _aთბილისი
260 _bთბილ. უნ-ტის გამ-ბა
260 _c2008
300 _a532გვ.ცხ. სურ. 28სმ
300 _bბიბლიოგრ.: გვ. 529-532
541 _h60ლ.
653 _aსტატისტიკა
653 _aსტატისტიკა; სოციალური მეცნიერებები;
942 _cBK
999 _c49321
_d49321